000 00959nam a2200253 a 4500
001 000025349
005 20200930023727.0
008 110215s2003 dr ac 000 0 spa d
020 _a9993489895
040 _aDO-SdBNP
_bspa
_cBNPHU
082 _a972.9375
_bS237
245 0 0 _aSanto Domingo.
260 _aSanto Domingo :
_bBanreservas,
_c2003.
300 _a151 p. :
_bil., retr. ;
_c26 cm.
490 1 _aFragmentos patria
504 _aBibliografía : p. 150-151
651 4 _aSanto Domingo (República Dominicana{Rpara}
_xHistoria Local
_91894
651 4 _aSanto Domingo (República Dominicana{Rpara}
_xDescripciones Y Viajes
_97718
651 4 _aSanto Domingo (República Dominicana{Rpara}
_xVida Social Y Costumbres
_91895
651 4 _aSanto Domingo (República Dominicana{Rpara}
_xBiografías
_951909
650 4 _aCiudades y pueblos
_zRepública Dominicana
_9784
830 0 _aFragmentos Patria
_951899
910 _aValidado. Control de calidad MFF
999 _c24841
_d24841